Członkowie SBM Label - Statystyki

Ogólne statystyki
  • Ten quiz został rozwiązany 1 683 razy
    1 439 od ostatniego zresetowania
  • Średni wynik to 11 z 13
Statystyki odpowiedzi
Hint Odpowiedź % Poprawnych
4 Bedoes
98%
1 Białas
97%
6 White 2115
97%
5 Mata
96%
2 Solar
89%
9 Jan Rapowanie
82%
14 Kinny Zimmer
78%
13 Lanek
78%
12 Fukaj
72%
8 Adi Nowak
71%
3 Beteo
71%
10 Janusz Walczuk
71%
11 Kacperczyk
70%
Nie znaleziono quizów pasujących do podanych kryteriów
Rozkład punktacji
Procent ludzi z każdym wynikiem
Percentyl według liczby udzielonych odpowiedzi
Twoja historia wyników
Nie rozwiązałeś tego quizu od ostatniego zresetowania